000 00887cam a2200289 a 4500
001 000006638
005 20200929153949.0
008 730613s1973 sp a 000 0 spa d
020 _a8434439271
035 _a(DLC) 73332529
035 _a(OCoLC)1646677
040 _aDO-SdBNP
_cDNLM
_dNmU
_dDCHS
_dDLC
_dBNPHU
042 _apremarc
082 _a925.38
_bV794H
100 1 _aVintró, Eulalia.
_d1945-
_918436
245 1 0 _aHipócrates y la nosología hipocrática /
_cEulalia Vintró.
260 _aBarcelona :
_bAriel,
_c[1973].
300 _a293 p. :
_bil. ;
_c23 cm.
490 1 _aConvivium
_v14
504 _aBibliografía : [p. 285-293]
600 1 4 _aHIPÓCRATES
_d460 a. C.- 370 a. C.
_xBIOGRAFÍA
_918437
650 4 _aNosología
_918438
650 4 _aLiteratura griega
_92386
830 0 _aConvivium ;
_v14
_918439
910 _aCatalogación por copia / LC
049 _aBNGR
999 _c6428
_d6428